| 000 | 00923nam a22002895a 4500 | ||
|---|---|---|---|
| 006 | a||||f ||z| 00| 0 | ||
| 008 | 150827t2005 us a|||fr|||| 001 0 eng d | ||
| 010 | _a 2003109882 | ||
| 020 | _a0618332804 (pbk.) | ||
| 020 | _a9780618332809 | ||
| 035 | _a(DLC) 2003109882 | ||
| 040 |
_aEG-ScBuE _beng _cEG-ScBuE |
||
| 082 | 0 | 4 |
_a658 _bKRE _222 |
| 100 | 1 |
_aKreitner, Robert. _926116 |
|
| 245 | 1 | 0 |
_aFoundations of management : _bbasics and best practices / _cRobert Kreitner. |
| 260 |
_aBoston : _bHoughton Mifflin Co., _cc.2005. |
||
| 300 |
_a1 v. (various pagings) : _bill. ; _c26 cm+ _eCD ROM. |
||
| 500 | _aIncludes Glossary. | ||
| 500 | _aIncludes Index. | ||
| 504 | _aIncludes bibliographical references. | ||
| 590 | _ayassmeen ashraf | ||
| 650 | 0 |
_aManagement. _2BUEsh |
|
| 650 | 0 |
_aIndustrial management. _2BUEsh |
|
| 651 | _2BUEsh | ||
| 653 |
_bENGGEN _cAugust2015 |
||
| 942 |
_cBB _k658 KRE _2ddc |
||
| 999 |
_c2871 _d2871 |
||